[Event "Stay Safe Play From Home 232"]
[Site "Emanuel Lasker Arena"]
[Date "2020.06.17"]
[Round "3"]
[White "Broken sword"]
[Black "Lazieri3"]
[Result "1-0"]
[WhiteElo "2440"]
[BlackElo "2088"]
[Annotator "TA"]
[PlyCount "105"]
[EventDate "2020.06.17"]
[EventType "swiss (blitz)"]

{[%evp 17,105,0,0,0,0,0,4,0,6,0,0,-5,-2,-10,0,-3,3,1,5,5,1,0,4,0,0,6,12,0,19,11,35,27,149,-13,21,26,161,42,153,10,243,77,472,108,118,100,328,11,205,0,237,136,419,207,1357,1294,1708,1236,1721,1060,1250,1250,1231,1231,29984,29985,29985,29986,29986,29987,29987,29988,29988,29989,29989,29990,29990,29990,29990,29990,29990,29991,29991,29991,29993,29991,29993,29994,29994,29995]} 1. d4 c6 2. c4 d5 3. cxd5 cxd5 4. Nc3 Nc6 5. Nf3 Nf6 6. Bf4 Bf5 7. e3 e6 8. Bd3 Bxd3 9. Qxd3 Bd6 10. Bg5 {D14: Slav Defence: Exchange variation with ...Bf5.} h6 11. Bh4 O-O 12. O-O {The position is equal.} Be7 {[#]} 13. Bxf6 $146 ({Predecessor:} 13. Rfc1 Nd7 14. Bg3 Nb6 15. Nb5 Qd7 16. Qe2 Rac8 17. h3 a6 18. Nc3 Bd6 19. Bxd6 Qxd6 20. Ne1 Rc7 21. Nb1 {½-½ (21) Hovhannisyan,M (2513)-Ringoir,T (2506) Charleroi 2014}) 13... Bxf6 14. Nd2 Rc8 15. Nb3 Nb4 16. Qd2 a6 17. Nc5 Qe7 18. a3 Nc6 19. b4 Rc7 20. Rac1 Rfc8 21. Rc2 Qd6 22. Rfc1 Ne7 23. g3 h5 24. Ne2 h4 {[#]} (24... Qd8 $11 {keeps the balance.}) 25. Nf4 $2 (25. Nxb7 $1 $16 {[%mdl 512]} Rxc2 (25... Rxb7 26. Rxc8+) 26. Rxc2 (26. Nxd6 $2 Rxd2 27. Nxc8 Rxe2 $19)) 25... hxg3 26. hxg3 Bg5 (26... b6 $11 {and Black stays safe.}) 27. Ne2 (27. Nxb7 $1 $18 Rxc2 28. Rxc2 (28. Nxd6 Rxc1+ 29. Kg2 R8c2 $11)) 27... Bf6 {[#]} ({Black should try} 27... Qc6 $14) 28. Kg2 (28. Nxb7 $1 $16 {[%mdl 512]} Rxc2 (28... Rxb7 29. Rxc8+) 29. Rxc2 (29. Nxd6 $2 Rxd2 30. Nxc8 Rxe2 $19)) 28... Ng6 $2 {[#]} (28... b6 $11 29. Nxa6 Rc4) 29. Qd3 $2 (29. Nxb7 $1 $18 {[%mdl 512] and the rest is easy.} Rxc2 (29... Rxb7 30. Rxc8+) 30. Nxd6 Rxd2 31. Rxc8+ Kh7 32. Ng1 (32. Nxf7 Rxe2 33. Ra8 Rb2 $11)) 29... Kf8 $2 {[%mdl 8192] [#]} (29... b6 $16 {is tougher.}) 30. Nf4 $2 (30. Nxb7 $1 $18 {[%mdl 512] is the precise move to win.} Qe7 (30... Rxb7 31. Rxc8+) 31. Rxc7 Rxc7 32. Rxc7 Qxc7 33. Qxa6) 30... Nxf4+ $16 31. gxf4 {Black must now prevent Nxb7!} g6 $2 {[#]} (31... b6 $16) 32. Qe2 $2 (32. Nxb7 $1 $18 {[%mdl 512]} Qb6 (32... Rxb7 33. Rxc8+) 33. Rxc7 Rxc7 34. Rxc7 Qxc7 35. Nc5 (35. Qxa6 Qc2 $18)) 32... Kg7 $2 {[#]} (32... b6 $11) 33. Qd3 $2 (33. Nxb7 $1 $18 {[%mdl 512]} Rxc2 (33... Rxb7 34. Rxc8) 34. Nxd6 Rxe2 35. Rxc8) 33... a5 $2 {[#]} (33... Kf8 $11) 34. bxa5 (34. Nxb7 $1 $18 {[%mdl 512]} Qe7 (34... Rxb7 35. Rxc8) 35. Rxc7 (35. Nxa5 Rxc2 36. Rxc2 Rh8 $16) 35... Rxc7 36. Rxc7 Qxc7 37. Nxa5) 34... b6 $2 {[%mdl 8192]} (34... Qe7 $16 35. a6 bxa6) 35. axb6 (35. Qa6 $142) 35... Qc6 $2 (35... Qxb6 36. a4 Be7) 36. bxc7 $18 Rxc7 37. Qe2 Qd6 38. Nd3 Rxc2 39. Rxc2 Qxa3 40. Ne5 Qa1 {[#]} 41. Rc7 $1 {White mates.} Bxe5 42. fxe5 Qb1 43. Qf3 Qf5 44. Qxf5 gxf5 {[%mdl 4096] Endgame KR-KP} 45. Kg3 Kg6 46. Kf4 f6 47. exf6 Kxf6 {[#] KR-K3P} 48. Rc6 $1 Ke7 49. Ke5 Kd7 50. Rd6+ Kc7 51. Rxe6 f4 52. exf4 Kd7 53. f5 {Accuracy: White = 40%, Black = 32%.} 1-0

[Event "Stay Safe Play From Home 232"]
[Site "Emanuel Lasker Arena"]
[Date "2020.06.17"]
[Round "3"]
[White "Mepe_Nika"]
[Black "Fischer_11"]
[Result "1-0"]
[WhiteElo "2353"]
[BlackElo "2049"]
[Annotator "NA RC"]
[PlyCount "129"]
[EventDate "2020.06.17"]
[EventType "swiss (blitz)"]

1. g3 {[%emt 0:00:02]} Nf6 {[%emt 0:00:01]} 2. Bg2 {[%emt 0:00:00]} g6 {[%emt 0:00:00]} 3. c4 {[%emt 0:00:02]} Bg7 {[%emt 0:00:00]} 4. Nc3 {[%emt 0:00:00]} O-O {[%emt 0:00:00]} 5. b4 {[%emt 0:00:01]} c6 {[%emt 0:00:00]} 6. Rb1 {[%emt 0:00:01]} d5 {[%emt 0:00:00]} 7. cxd5 {[%emt 0:00:02]} cxd5 {[%emt 0:00:00]} 8. d3 {[%emt 0:00:01]} d4 {[%emt 0:00:00]} 9. Ne4 {[%emt 0:00:02]} Nxe4 {[%emt 0:00:01]} 10. Bxe4 {[%emt 0:00:00]} Nc6 {[%emt 0:00:01]} 11. Bg2 {[%emt 0:00:02]} e5 {[%emt 0:00:02]} 12. Nf3 {[%emt 0:00:01]} Be6 {[%emt 0:00:03]} 13. Qd2 {[%emt 0:00:03]} Qe7 {[%emt 0:00:03]} 14. O-O {[%emt 0:00:01]} a6 {[%emt 0:00:01]} 15. a4 {[%emt 0:00:01]} Rac8 {[%emt 0:00:01]} 16. b5 {[%emt 0:00:01]} axb5 {[%emt 0:00:00]} 17. axb5 {[%emt 0:00:00]} Nb8 {[%emt 0:00:07]} 18. Ra1 {[%emt 0:00:01]} Nd7 {[%emt 0:00:01]} 19. Ba3 {[%emt 0:00:00]} Nc5 {[%emt 0:00:02]} 20. Rfc1 {[%emt 0:00:01]} b6 {[%emt 0:00:01]} 21. Qb2 {[%emt 0:00:02]} Qb7 {[%emt 0:00:04]} 22. Nxd4 {[%emt 0:00:03]} Bd5 {[%emt 0:00:03]} 23. Nc6 {[%emt 0:00:01]} Bxg2 {[%emt 0:00:04]} 24. Kxg2 {[%emt 0:00:00]} Rxc6 {[%emt 0:00:01]} 25. bxc6 {[%emt 0:00:02]} Qxc6+ {[%emt 0:00:00]} 26. Kg1 {[%emt 0:00:04]} Qd5 {[%emt 0:00:01]} 27. Bxc5 {[%emt 0:00:01]} bxc5 {[%emt 0:00:01]} 28. Qa2 {[%emt 0:00:00]} Qd4 {[%emt 0:00:01]} 29. Qc4 {[%emt 0:00:01]} Qd6 {[%emt 0:00:03]} 30. Qxc5 {[%emt 0:00:03]} Qe6 {[%emt 0:00:00]} 31. Qc4 {[%emt 0:00:02]} Qf5 {[%emt 0:00:01]} 32. Qe4 {[%emt 0:00:01]} Qg5 {[%emt 0:00:02]} 33. h4 {[%emt 0:00:01]} Qf6 {[%emt 0:00:01]} 34. Ra8 {[%emt 0:00:01]} h6 {[%emt 0:00:02]} 35. Rcc8 {[%emt 0:00:01]} Rxc8 {[%emt 0:00:01]} 36. Rxc8+ {[%emt 0:00:00]} Kh7 {[%emt 0:00:00]} 37. Qd5 {[%emt 0:00:01]} Qe6 {[%emt 0:00:02]} 38. Qxe6 {[%emt 0:00:01]} fxe6 {[%emt 0:00:00]} 39. Re8 {[%emt 0:00:01]} g5 {[%emt 0:00:00]} 40. Rxe6 {[%emt 0:00:00]} gxh4 {[%emt 0:00:01]} 41. gxh4 {[%emt 0:00:00]} Kg8 {[%emt 0:00:00]} 42. Kg2 {[%emt 0:00:01]} Kf7 {[%emt 0:00:00]} 43. Ra6 {[%emt 0:00:01]} Bf6 {[%emt 0:00:01]} 44. Rxf6+ {[%emt 0:00:02]} Kxf6 {[%emt 0:00:01]} 45. Kg3 {[%emt 0:00:00]} Kf5 {[%emt 0:00:00]} 46. e3 {[%emt 0:00:00]} h5 {[%emt 0:00:00]} 47. f3 {[%emt 0:00:01]} Ke6 {[%emt 0:00:00]} 48. f4 {[%emt 0:00:00]} Kf5 {[%emt 0:00:00]} 49. fxe5 {[%emt 0:00:01]} Kxe5 {[%emt 0:00:00]} 50. Kf3 {[%emt 0:00:00]} Kf5 {[%emt 0:00:00]} 51. e4+ {[%emt 0:00:01]} Ke5 {[%emt 0:00:00]} 52. Ke3 {[%emt 0:00:00]} Ke6 {[%emt 0:00:01]} 53. d4 {[%emt 0:00:00]} Kd6 {[%emt 0:00:00]} 54. Kf4 {[%emt 0:00:00]} Ke6 {[%emt 0:00:00]} 55. Kg5 {[%emt 0:00:00]} Kd6 {[%emt 0:00:01]} 56. Kxh5 {[%emt 0:00:00]} Ke6 {[%emt 0:00:00]} 57. Kg6 {[%emt 0:00:00]} Ke7 {[%emt 0:00:01]} 58. h5 {[%emt 0:00:00]} Kf8 {[%emt 0:00:00]} 59. h6 {[%emt 0:00:00]} Kg8 {[%emt 0:00:00]} 60. h7+ {[%emt 0:00:00]} Kh8 {[%emt 0:00:00]} 61. Kf7 {[%emt 0:00:01]} Kxh7 {[%emt 0:00:01]} 62. e5 {[%emt 0:00:00]} Kh6 {[%emt 0:00:00]} 63. e6 {[%emt 0:00:00]} Kg5 {[%emt 0:00:00]} 64. e7 {[%emt 0:00:00]} Kf4 {[%emt 0:00:00]} 65. e8=Q {[%emt 0:00:00] Zeit} 1-0

[Event "Stay Safe Play From Home 232"]
[Site "Emanuel Lasker Arena"]
[Date "2020.06.17"]
[Round "3"]
[White "SoulofWolf"]
[Black "Haxhi Baha"]
[Result "0-1"]
[WhiteElo "2170"]
[BlackElo "2013"]
[Annotator "TA"]
[PlyCount "94"]
[EventDate "2020.06.17"]
[EventType "swiss (blitz)"]

{[%evp 9,93,33,44,26,41,0,0,-17,0,-31,70,-35,-25,-116,-66,-65,-59,-207,-46,-123,-122,-139,-48,-119,-130,-144,-52,-63,-50,-29,54,-71,-61,-144,-116,-367,-372,-372,-358,-365,-41,-237,-17,-362,-364,-377,-374,-413,-398,-388,-373,-452,-431,-506,-499,-642,-640,-899,-861,-29992,-29993,-29993,-29994,-29994,-29993,-29996,-29991,-29994,-29995,-29996,-29996,-29996,-29994,-29994,-29993,-29995,-29994,-29995,-29995,-29996,-29995,-29996,-29997,-29998,-29998,-29999]} 1. d4 d5 2. Nf3 e6 3. c4 c6 4. Nc3 Bd6 5. c5 Be7 {[#]} 6. e4 $146 {D31: Queen's Gambit Declined: Semi-Slav without ...Nf6 (+ Marshall Gambit and Noteboom) and Exchange Variation lines without ...Nf6.} ({Predecessor:} 6. b4 Nf6 7. Bg5 Nbd7 8. e3 O-O 9. Bd3 e5 10. dxe5 Nxe5 11. Bxh7+ Kxh7 12. Qc2+ Kg8 {0-1 (24) Rodolpho Filho,J (1452)-Souza,L (1664) Manaus 2015}) 6... b6 7. cxb6 axb6 8. e5 {The position is equal.} c5 9. Bf4 Nh6 (9... Nc6 $15) 10. h3 (10. Bxh6 $14 gxh6 11. Qd2) 10... Nf5 $15 11. g4 (11. Bb5+ $11 Bd7 12. dxc5) 11... Nh4 12. Nxh4 Bxh4 13. Bg2 ({Better is} 13. Bb5+ $15 Bd7 14. O-O) 13... Bg5 $2 (13... Ba6 $19 {And now ...0-0 would win.} 14. Bf1 Bxf1 15. Kxf1 f6) 14. Qd2 (14. Bxg5 $15 Qxg5 15. O-O) 14... Bxf4 15. Qxf4 cxd4 (15... O-O $17 {aiming for ...Nc6.} 16. O-O Ba6) 16. Qxd4 (16. Nb5 $15 O-O 17. Nxd4) 16... Nc6 $17 {[%cal Bb8c6,Bc6e5,Be5d3][%mdl 32]} 17. Qf4 {[#]} O-O ({Black should play} 17... Ba6 $1 $17 18. O-O-O O-O) 18. O-O $1 $15 Qc7 19. Rfe1 f6 ({Black should try} 19... Bd7 $11) 20. Nb5 (20. Qd2 $14 {stays ahead.}) 20... Qb8 $36 {[%cal Rf6e5][%mdl 2048] Black has some pressure.} 21. Qc1 (21. Nd4 $1 $15 Nxe5 22. Qe3) 21... Nxe5 22. a4 $2 {[%mdl 8192]} (22. Qe3 $17) 22... Nd3 $1 $19 {[%csl LRc1,LRe1][%mdl 64] Double Attack} 23. Qd2 Nxe1 24. Rxe1 Ba6 $2 (24... Rxa4 $19 {White must now prevent ...Rd8.} 25. Nd4 Qd6 26. Nxe6 Bxe6 27. Rxe6 Ra1+ 28. Re1 Rxe1+ 29. Qxe1 d4) 25. Nc3 $2 (25. Rxe6 $15 Kh8 26. Qxd5) 25... Qc8 $2 {[#]} (25... Re8 $19 26. Nxd5 Bb7) 26. Rc1 $2 {[%mdl 8192]} (26. Rxe6 $1 $11 {[%mdl 512]} Bc4 (26... Qxe6 27. Bxd5) 27. Rxb6) 26... Qd7 27. Rd1 Rad8 28. b3 Rfe8 29. Bf3 Bb7 30. Nb5 e5 31. Be2 d4 {Threatens to win with ...Qc6.} 32. Bc4+ Kh8 {...Qc6 is the strong threat.} 33. Re1 Qc6 {[%csl Gb7][%cal Rc6h1]} 34. Kf1 Qg2+ {Black mates.} 35. Ke2 Qf3+ 36. Kf1 d3 37. Bxd3 Rxd3 38. Qxd3 Qxd3+ 39. Kg1 Qf3 {[%csl Gb7][%cal Rf3h1]} 40. Kf1 e4 41. Re3 Qh1+ 42. Ke2 {[#]} Ba6 $1 43. b4 Bxb5+ 44. axb5 Rc8 {[%cal Rc8c2]} 45. Rc3 Rxc3 46. g5 Qf3+ 47. Kf1 Rc1# {Accuracy: White = 20%, Black = 47%.} 0-1

[Event "Stay Safe Play From Home 232"]
[Site "Emanuel Lasker Arena"]
[Date "2020.06.17"]
[Round "3"]
[White "Bardellosport"]
[Black "Don59as"]
[Result "1-0"]
[WhiteElo "2042"]
[BlackElo "2126"]
[Annotator "NA RC"]
[PlyCount "59"]
[EventDate "2020.06.17"]
[EventType "swiss (blitz)"]

1. d4 {[%emt 0:00:00]} d5 {[%emt 0:00:01]} 2. e3 {[%emt 0:00:00]} e6 {[%emt 0:00:00]} 3. Nf3 {[%emt 0:00:00]} Nf6 {[%emt 0:00:00]} 4. b3 {[%emt 0:00:00]} Be7 {[%emt 0:00:00]} 5. Bb2 {[%emt 0:00:00]} O-O {[%emt 0:00:00]} 6. Bd3 {[%emt 0:00:00]} Nbd7 {[%emt 0:00:00]} 7. Qe2 {[%emt 0:00:00]} c5 {[%emt 0:00:00]} 8. Ne5 {[%emt 0:00:00]} b6 {[%emt 0:00:00]} 9. f4 {[%emt 0:00:01]} Bb7 {[%emt 0:00:01]} 10. Nd2 {[%emt 0:00:01]} Ne4 {[%emt 0:00:01]} 11. Bxe4 {[%emt 0:00:01]} dxe4 {[%emt 0:00:00]} 12. c4 {[%emt 0:00:00]} cxd4 {[%emt 0:00:03]} 13. exd4 {[%emt 0:00:00]} f5 {[%emt 0:00:01]} 14. O-O-O {[%emt 0:00:01]} Nxe5 {[%emt 0:00:02]} 15. fxe5 {[%emt 0:00:01]} Bg5 {[%emt 0:00:02]} 16. Kb1 {[%emt 0:00:02]} a5 {[%emt 0:00:01]} 17. Rhf1 {[%emt 0:00:01]} Qe7 {[%emt 0:00:02]} 18. g4 {[%emt 0:00:01]} a4 {[%emt 0:00:02]} 19. gxf5 {[%emt 0:00:01]} exf5 {[%emt 0:00:01]} 20. d5 {[%emt 0:00:01]} axb3 {[%emt 0:00:02]} 21. axb3 {[%emt 0:00:01]} Qb4 {[%emt 0:00:02]} 22. e6 {[%emt 0:00:01]} Bxd2 {[%emt 0:00:03]} 23. Rxd2 {[%emt 0:00:02]} Qxb3 {[%emt 0:00:01]} 24. Qg2 {[%emt 0:00:02]} Qa2+ {[%emt 0:00:01]} 25. Kc1 {[%emt 0:00:01]} Qxc4+ {[%emt 0:00:01]} 26. Rc2 {[%emt 0:00:01]} Qxf1+ {[%emt 0:00:07]} 27. Qxf1 {[%emt 0:00:01]} Bxd5 {[%emt 0:00:01]} 28. Rc7 {[%emt 0:00:01]} Rf6 {[%emt 0:00:07]} 29. Bxf6 {[%emt 0:00:02]} gxf6 {[%emt 0:00:00]} 30. Qg2+ {[%emt 0:00:01] Don59as resigns (Lag: Av=0.48s, max=0.8s)} 1-0

[Event "Stay Safe Play From Home 232"]
[Site "Emanuel Lasker Arena"]
[Date "2020.06.17"]
[Round "3"]
[White "Position"]
[Black "Lamborghini"]
[Result "0-1"]
[WhiteElo "1963"]
[BlackElo "2239"]
[Annotator "TA"]
[PlyCount "54"]
[EventDate "2020.06.17"]
[EventType "swiss (blitz)"]

{[%evp 10,54,0,0,2,-22,-27,-28,-3,-83,-74,-141,-83,-92,-16,-223,-228,-460,-485,-1062,-1065,-1300,-1292,-1241,-1234,-1969,-775,-775,-774,-712,-591,-470,-362,-406,-371,-513,-514,-750,-768,-1249,-1245,-1275,-1275,-5466,-4409,-29979,-29978]} 1. e3 g6 2. d4 Bg7 3. Nf3 d6 4. h3 Nf6 5. Bd3 O-O 6. O-O Nc6 {A48: 1 d4 Nf6 2 Nf3 g6: Torre, London and Colle Systems.} 7. b3 e5 {Threatens to win with ...e4.} 8. dxe5 dxe5 {[#] Black has an edge.} 9. Be2 $146 (9. e4 $1 $11) ({Predecessor:} 9. e4 Be6 10. Bb2 Nd7 11. a3 a6 12. Nc3 Nc5 13. Qe2 Nxd3 14. Qxd3 Qxd3 15. cxd3 Bxb3 {0-1 (55) Dos Santos,H-O'Keefe,S ICC INT 2009}) 9... e4 $17 10. Nd4 (10. Qxd8 $142 Rxd8 11. Nd4 $1 {[%mdl 512]}) 10... Nxd4 (10... Nd5 $142 11. c3 Qg5) 11. exd4 Re8 (11... Nd5 $17 12. Bc4 Nb6) 12. Bb2 $2 {[#] Now White is beyond hope.} (12. Nc3 $11) 12... Nd5 $1 $19 13. c4 $2 (13. Na3) 13... Nf4 14. Qd2 {[#]} (14. Na3 $142 Qg5 15. Bg4) 14... Qg5 $1 {[%csl Gf4][%cal Rg5g2][%mdl 512]} 15. Bg4 Bxg4 16. hxg4 Qxg4 {[%csl Gf4][%cal Rg4g2]} 17. g3 {[#]} Ne6 (17... e3 $142 $1 {[%mdl 512]} 18. fxe3 Qxg3+ 19. Kh1 Qh3+ {[%mdl 64] Double Attack} 20. Kg1 Rxe3 21. Rxf4 Rg3+ 22. Kf2 Re8 23. Qe3 Rexe3 24. Rf3 Rgxf3+ 25. Kg1 Rf1#) 18. Re1 Ng5 {...Nf3+ is the strong threat.} 19. Qe2 Qh3 {( -> ...Nf3+!)} 20. Nd2 Rac8 21. Qf1 {Now Qxh3 and White clings on.} Qg4 22. Qg2 f5 23. Rad1 Rcd8 24. Ba1 Bxd4 25. Bxd4 Rxd4 26. Kf1 Red8 27. Re2 Nf3 {Accuracy: White = 14%, Black = 70%.} 0-1

[Event "Stay Safe Play From Home 232"]
[Site "Emanuel Lasker Arena"]
[Date "2020.06.17"]
[Round "3"]
[White "Justwatch"]
[Black "little champs"]
[Result "0-1"]
[WhiteElo "1829"]
[BlackElo "2336"]
[Annotator "TA"]
[PlyCount "88"]
[EventDate "2020.06.17"]
[EventType "swiss (blitz)"]

{[%evp 9,88,0,5,6,0,-428,0,-2,0,-31,-5,-3,0,-18,-12,-15,-12,-26,0,-22,0,-29,0,-42,33,-23,-12,-13,0,0,0,-26,14,-31,-26,-67,-18,-48,52,-57,-47,-56,-51,-231,-226,-216,-212,-290,-304,-285,-279,-472,-466,-443,478,0,0,0,0,-529,-525,-522,-511,-509,-506,-506,-476,-849,-834,-834,-762,-729,-714,-670,-351,-29973,-29976,-29989,-29990,-29990,-29991]} 1. e4 c6 2. Nf3 d5 3. exd5 cxd5 4. d4 e6 5. Be3 Nf6 {[#]} 6. Bb5+ $146 {B13: Caro-Kann: Exchange Variation and Panov-Botvinnik Attack.} ({Predecessor:} 6. Nbd2 Be7 7. Be2 O-O 8. O-O b6 9. c4 Nbd7 10. cxd5 Nxd5 11. Qb3 N7f6 12. Rfe1 Bb7 {1-0 (21) Rajmohan,V-Richards,G (1392) London 2015}) 6... Bd7 7. Nbd2 $2 {[%mdl 8192] [#]} (7. Bd3 $11) 7... Nc6 $2 (7... Bxb5 $19 8. Bf4 Nbd7) 8. Bxc6 {The position is equal.} Bxc6 9. Ne5 Rc8 (9... Bb5 {looks sharper.} 10. b3 Nd7 11. c4 Nxe5 12. cxb5 Ng6) 10. Nxc6 Rxc6 11. Nf3 Bd6 12. c3 O-O 13. O-O b5 14. a3 a6 15. Re1 Qc8 16. Bg5 Be7 (16... Ne4 $15) 17. Bxf6 ({White should play} 17. Ne5 $14) 17... Bxf6 $11 18. Ne5 Rc7 19. Ng4 Be7 20. Ne5 Qb7 21. Nd3 Rfc8 22. Qh5 g6 23. Qh6 Bf6 ({Black should try} 23... a5 $15) 24. Nf4 (24. h4 $14) 24... Bg7 $36 {[%mdl 2048] Black is more active.} 25. Qg5 a5 26. Re2 $2 (26. Ne2 $15) 26... b4 $19 27. axb4 axb4 28. Rae1 bxc3 29. bxc3 Rxc3 30. Nxe6 $2 (30. Rd2 {is a better defense.}) 30... fxe6 31. Rxe6 Qb2 $4 {[%mdl 8192]} (31... Bxd4 $19 {and all is fine.} 32. Re8+ Rxe8 33. Rxe8+ Kf7) 32. Re8+ $2 (32. Qxd5 $18 {[%csl Ge1][%cal Re6e8]} Kh8 33. Re8+ Bf8 34. Qe5+ Kg8 35. Rxc8 Rxc8 36. Qe6+ {[%mdl 64] Double Attack} Kg7 37. Qd7+ Kg8 38. Qxc8) 32... Rxe8 $11 33. Rxe8+ Bf8 34. h3 $2 {[%mdl 8192]} (34. Qxd5+ $11 Kg7 35. Qe5+ Kg8 36. Qe6+ Kg7 37. Qe5+ Kg8 38. Qe6+ Kg7 39. Qe5+) 34... Qc1+ $19 35. Qxc1 Rxc1+ {[%mdl 4096] Endgame KRB-KR} 36. Kh2 Rd1 37. Rd8 Rxd4 38. f3 (38. g4 $142) 38... Rd1 39. Kg3 d4 40. Kf2 d3 41. Ke3 {[#]} d2 $1 42. Rxd2 $2 (42. g4 $19) 42... Bh6+ {[%mdl 64] Skewer. Black mates.} 43. Ke2 Rxd2+ 44. Ke1 Rxg2 {Accuracy: White = 39%, Black = 57%.} 0-1

[Event "Stay Safe Play From Home 232"]
[Site "Emanuel Lasker Arena"]
[Date "2020.06.17"]
[Round "3"]
[White "Tartak"]
[Black "Mohitpuri"]
[Result "1-0"]
[WhiteElo "1752"]
[BlackElo "1620"]
[Annotator "NA RC"]
[PlyCount "59"]
[EventDate "2020.06.17"]
[EventType "swiss (blitz)"]

1. d4 {[%emt 0:00:01]} e6 {[%emt 0:00:01]} 2. e3 {[%emt 0:00:01]} b6 {[%emt 0:00:01]} 3. Nf3 {[%emt 0:00:01]} a6 {[%emt 0:00:01]} 4. Nbd2 {[%emt 0:00:01]} Nf6 {[%emt 0:00:01]} 5. Bd3 {[%emt 0:00:00]} g6 {[%emt 0:00:01]} 6. b3 {[%emt 0:00:01]} h5 {[%emt 0:00:01]} 7. Bb2 {[%emt 0:00:00]} a5 {[%emt 0:00:01]} 8. O-O {[%emt 0:00:02]} Rg8 {[%emt 0:00:01]} 9. h4 {[%emt 0:00:02]} Bg7 {[%emt 0:00:00]} 10. Ng5 {[%emt 0:00:01]} c6 {[%emt 0:00:01]} 11. f4 {[%emt 0:00:01]} e5 {[%emt 0:00:01]} 12. fxe5 {[%emt 0:00:01]} Nd5 {[%emt 0:00:01]} 13. Nxf7 {[%emt 0:00:02]} Qe7 {[%emt 0:00:03]} 14. Nd6+ {[%emt 0:00:02]} Qxd6 {[%emt 0:00:02]} 15. exd6 {[%emt 0:00:02]} Nb4 {[%emt 0:00:04]} 16. Bxg6+ {[%emt 0:00:02]} Kd8 {[%emt 0:00:02]} 17. Qxh5 {[%emt 0:00:01]} Rh8 {[%emt 0:00:03]} 18. Qg5+ {[%emt 0:00:01]} Bf6 {[%emt 0:00:14]} 19. Qf5 {[%emt 0:00:01]} Rf8 {[%emt 0:00:04]} 20. Qh5 {[%emt 0:00:04]} Bb7 {[%emt 0:00:01]} 21. Ne4 {[%emt 0:00:01]} Kc8 {[%emt 0:00:01]} 22. Nxf6 {[%emt 0:00:02]} Rxf6 {[%emt 0:00:03]} 23. Rxf6 {[%emt 0:00:02]} Ba6 {[%emt 0:00:01]} 24. Qh8+ {[%emt 0:00:02]} Kb7 {[%emt 0:00:01]} 25. c3 {[%emt 0:00:01]} c5 {[%emt 0:00:01]} 26. cxb4 {[%emt 0:00:01]} b5 {[%emt 0:00:03]} 27. Be4+ {[%emt 0:00:01]} Nc6 {[%emt 0:00:01]} 28. dxc5 {[%emt 0:00:00]} Ka7 {[%emt 0:00:02]} 29. Qg7 {[%emt 0:00:03]} Rd8 {[%emt 0:00:03]} 30. Bxc6 {[%emt 0:00:01] Time (Lag: Av=1.48s, max=2.4s)} 1-0

[Event "Stay Safe Play From Home 232"]
[Site "Emanuel Lasker Arena"]
[Date "2020.06.17"]
[Round "3"]
[White "Das opfer"]
[Black "Grizzzly"]
[Result "0-1"]
[WhiteElo "1677"]
[BlackElo "1789"]
[Annotator "NA RC"]
[PlyCount "78"]
[EventDate "2020.06.17"]
[EventType "swiss (blitz)"]

1. d4 {[%emt 0:00:02]} d6 {[%emt 0:00:01]} 2. c3 {[%emt 0:00:01]} Nf6 {[%emt 0:00:00]} 3. Na3 {[%emt 0:00:07]} Nbd7 {[%emt 0:00:00]} 4. Nf3 {[%emt 0:00:01]} e5 {[%emt 0:00:01]} 5. e3 {[%emt 0:00:01]} Be7 {[%emt 0:00:02]} 6. Bd3 {[%emt 0:00:02]} O-O {[%emt 0:00:00]} 7. Nd2 {[%emt 0:00:02]} c6 {[%emt 0:00:03]} 8. b4 {[%emt 0:00:01]} a5 {[%emt 0:00:01]} 9. Bb2 {[%emt 0:00:01]} axb4 {[%emt 0:00:01]} 10. cxb4 {[%emt 0:00:01]} d5 {[%emt 0:00:02]} 11. Qc2 {[%emt 0:00:01]} exd4 {[%emt 0:00:01]} 12. exd4 {[%emt 0:00:01]} Bxb4 {[%emt 0:00:01]} 13. O-O {[%emt 0:00:02]} Re8 {[%emt 0:00:01]} 14. Rfe1 {[%emt 0:00:01]} Bxd2 {[%emt 0:00:05]} 15. Qxd2 {[%emt 0:00:01]} Ne4 {[%emt 0:00:01]} 16. Bxe4 {[%emt 0:00:02]} dxe4 {[%emt 0:00:00]} 17. h3 {[%emt 0:00:01]} Nf6 {[%emt 0:00:01]} 18. Rab1 {[%emt 0:00:01]} Bd7 {[%emt 0:00:02]} 19. Qf4 {[%emt 0:00:01]} b5 {[%emt 0:00:02]} 20. Re3 {[%emt 0:00:01]} b4 {[%emt 0:00:01]} 21. Nc4 {[%emt 0:00:02]} Rxa2 {[%emt 0:00:01]} 22. Rg3 {[%emt 0:00:01]} Nh5 {[%emt 0:00:01]} 23. Qe3 {[%emt 0:00:04]} Nxg3 {[%emt 0:00:00]} 24. Qxg3 {[%emt 0:00:01]} Be6 {[%emt 0:00:03]} 25. d5 {[%emt 0:00:01]} Rxb2 {[%emt 0:00:01]} 26. Rxb2 {[%emt 0:00:02]} Qxd5 {[%emt 0:00:02]} 27. Ne5 {[%emt 0:00:02]} Qd1+ {[%emt 0:00:01]} 28. Kh2 {[%emt 0:00:01]} Qd6 {[%emt 0:00:02]} 29. Re2 {[%emt 0:00:03]} Bd5 {[%emt 0:00:01]} 30. Ng4 {[%emt 0:00:02]} Qxg3+ {[%emt 0:00:01]} 31. Kxg3 {[%emt 0:00:01]} c5 {[%emt 0:00:02]} 32. f3 {[%emt 0:00:01]} c4 {[%emt 0:00:00]} 33. fxe4 {[%emt 0:00:01]} Rxe4 {[%emt 0:00:02]} 34. Rb2 {[%emt 0:00:01]} c3 {[%emt 0:00:01]} 35. Rb1 {[%emt 0:00:02]} c2 {[%emt 0:00:01]} 36. Ra1 {[%emt 0:00:01]} b3 {[%emt 0:00:01]} 37. Ra8+ {[%emt 0:00:02]} Bxa8 {[%emt 0:00:02]} 38. h4 {[%emt 0:00:01]} b2 {[%emt 0:00:00]} 39. h5 {[%emt 0:00:01]} b1=Q {[%emt 0:00:00] Zeit (Lag: Av=0.35s, max=0.8s)} 0-1